| 000 | 00552nam a22002057a 4500 | ||
|---|---|---|---|
| 003 | OSt | ||
| 005 | 20140310181940.0 | ||
| 008 | 130724t xxu||||| |||| 00| 0 eng d | ||
| 020 | _a0553212494 | ||
| 050 |
_aPR 9193.3 _b.St847 1992 |
||
| 082 |
_aCLA St4t _b1992 |
||
| 100 |
_aStevenson, Roberet Louis _93590 |
||
| 245 |
_aTreasure Island / _cRobert Louis Stevenson. |
||
| 260 |
_aNew York : _bBantam Books, _cc1992. |
||
| 300 |
_a197 p. : _c18 cm. |
||
| 541 | _j1 | ||
| 562 | _e1 | ||
| 650 |
_a Fiction. _9746 |
||
| 942 |
_2lcc _cBBK _kCLA |
||
| 999 |
_c7625 _d7625 |
||